Sú záporné dolárové swapové spready novým štandardom?

Faktory ovplyvňujúce swapové spready. Pokrízový vývoj a súčasný stav IRS (dolárové úrokové swapy) trhu. Pokrízová regulácia a zvýšená emisia dlhu bankami. Záporné swapové spready.

Saved in:
Bibliographic Details
Main Author: Kútnik, Ľudovít
Format: Book Chapter
Language:Slovak
Subjects:
Tags: Add Tag
No Tags, Be the first to tag this record!

MARC

LEADER 00000naa a2200000 4500
001 0221959
005 20221019172540.3
041 0 |a slo 
044 |a SK 
245 1 0 |a Sú záporné dolárové swapové spready novým štandardom?  |c Ľudovít Kútnik 
520 |a Faktory ovplyvňujúce swapové spready. Pokrízový vývoj a súčasný stav IRS (dolárové úrokové swapy) trhu. Pokrízová regulácia a zvýšená emisia dlhu bankami. Záporné swapové spready. 
610 2 0 |a kríza finančná 
610 2 0 |a trh finančný 
610 2 0 |a swap 
610 2 0 |a úrok 
610 2 0 |a dlhopisy štátne 
610 2 0 |a riziko úverové 
610 2 0 |a kolaterál 
610 2 0 |a netting 
610 2 0 |a likvidita 
610 2 0 |a riadenie rizík 
610 2 0 |a regulácia finančná 
610 2 0 |a emisia 
100 1 |a Kútnik, Ľudovít